Statystyki dla Rodzaje zup na obrazkach

Kliknij tutaj aby rozwiązać quiz!

Ogólne statystyki

  • Ten quiz został rozwiązany 248 razy
  • Średni wynik to 11 z 16

Statystyki odpowiedzi

Odpowiedź% Poprawnych
Rosół
100%
Żur
97%
Pomidorowa
95%
Fasolowa
77%
Krupnik
76%
Krem z dyni
71%
Chłodnik litewski
70%
Mleczna
70%
Barszcz z uszkami
67%
Ogórkowa
67%
Ramen
64%
Pieczarkowa
55%
Barszcz ukraiński
54%
Grochowa
51%
Gulaszowa
46%
Szczawiowa
44%

Rozkład punktacji

Percentyl według liczby udzielonych odpowiedzi

Procent ludzi z każdym wynikiem

Twoja historia wyników

Nie rozwiązałeś tego quizu